Gares sur les lignes de Toulouse à Bayonne / Dax - Statistiques

Statistiques générales
  • Ce quiz a été pris 51 fois
  • Le résultat moyen est 12 sur 30
Statistiques - réponses
Embranchement Département Gare % Correct
1 (64) Pau
96%
2 Pyrénées-Atlantiques (64) Bayonne
93%
1 Landes (40) Dax
87%
0 Haute-Garonne (31) Toulouse-Matabiau
82%
0 (65) Tarbes
78%
1 (65) Lourdes
76%
1 (64) Orthez
62%
0 (31) Muret
53%
0 (31) Saint-Gaudens
51%
1 (64) Artix
42%
1 Pyrénées-Atlantiques (64) Puyoô
42%
0 Hautes-Pyrénées (65) Lannemezan
38%
2 Pyrénées-Atlantiques (64) Urt
36%
1 (64) Coarraze - Nay
33%
0 Haute-Garonne (31) Montréjeau - Gourdan-Polignan
33%
2 Landes (40) Peyrehorade
33%
0 (31) Toulouse-Saint-Agne
33%
0 (65) Capvern
27%
0 (31) Carbonne
24%
0 (31) Cazères
24%
0 (65) Tournay
24%
0 (31) Boussens
22%
1 (64) Assat
20%
0 (31) Portet-Saint-Simon
20%
0 (31) Le Fauga
18%
1 Hautes-Pyrénées (65) Saint-Pé-de-Bigorre
16%
0 (31) Longages - Noé
13%
0 (31) Martres-Tolosane
13%
0 (31) Saint-Martory
13%
1 Pyrénées-Atlantiques (64) Montaut - Bétharram
9%
Aucun quiz correspondant
Distribution des résultats
% des personnes avec chaque résultat
Percentile par nombre de réponses
Votre historique - résultats
Vous n’avez pas pris ce quiz